000 00432nmm a2200157Ia 4500
008 251105s9999||||xx |||||||||||||||||und||
020 _a8484296296
041 _aspa
100 _aFreixas Bosch, Josep
245 0 _aLas funciones de varias variables
264 _a[Madrid, España] :
_bUOC Papers,
_c2002
300 _a70 páginas
650 _aSciences
856 _uhttps://public.digitaliapublishing.com/a/5761
942 _cCF
999 _c73769
_d73769